000 00540cam a2200157 4500500
005 20260405004217.0
041 _afre
042 _adc
100 1 0 _aMonnereau, Cyrille
_eauthor
700 1 0 _aAndraud, Chantal
_eauthor
245 0 0 _aPhotodynamic therapy: chemical evolution of photosensitizers
260 _c2026.
500 _a1
786 0 _nTechnological innovations | - | 2026-03-04 | p. 1-1
856 4 1 _uhttps://stm.cairn.info/innovations-in-analysis-and-measurement--bdti42112210-in161-page-1?lang=en&redirect-ssocas=7080
999 _c2074616
_d2074616